|
|
|
|
| LEADER |
00000cam a2200000 7i4500 |
| 001 |
0000072617 |
| 005 |
20170516.0 |
| 008 |
170416 |
| 020 |
|
|
|a 9831553608
|
| 090 |
0 |
0 |
|a JF
|b MAL
|
| 100 |
1 |
|
|a Nordiana Ahmad
|
| 245 |
0 |
0 |
|a Datuk yang bijak
|c Nordiana Ahmad
|
| 260 |
|
|
|a Selangor :
|b Info didik sdn.bhd ,
|c 2002
|
| 440 |
|
0 |
|a Siri bacaan didik 1
|
| 500 |
|
|
|a Children ages 7-9 years old (orange)
|
| 650 |
|
0 |
|a Malay fiction
|
| 999 |
|
|
|a 0000006470
|b Book
|c Children Collection
|e Cawangan Taman Universiti
|
| 999 |
|
|
|a 0000006471
|b Book
|c Children Collection
|e Cawangan Taman Universiti
|
| 999 |
|
|
|a 0000006472
|b Book
|c Children Collection
|e Cawangan Taman Universiti
|
| 999 |
|
|
|a 0000006473
|b Book
|c Children Collection
|e Cawangan Taman Universiti
|
| 999 |
|
|
|a 0000008069
|b Book
|c Children Collection
|e Cawangan Taman Universiti
|
| 999 |
|
|
|a 0000008071
|b Book
|c Children Collection
|e Cawangan Taman Universiti
|
| 999 |
|
|
|a 0000008072
|b Book
|c Children Collection
|e Cawangan Taman Universiti
|